| 000 | 01421nam a2200241Ia 4500 | ||
|---|---|---|---|
| 003 | Ost | ||
| 005 | 20260507075009.0 | ||
| 008 | 260507s9999||||xx |||||||||||||| ||und|| | ||
| 020 | _a9773282198 | ||
| 040 | _cfsecg | ||
| 041 | _aara | ||
| 082 | _a382 | ||
| 100 |
_aخليفة، ابراهيم أحمد _eمؤلف |
||
| 245 | 0 |
_aالنظام القانوني لمنظمة التجارة العالمية : _b دراسة نقدية / _c ابراهيم أحمد خليفة |
|
| 260 |
_aالاسكندرية: _bدار الجامعة الجديدة, _c2008 |
||
| 300 |
_a277 صفحة؛ _bإيضاحات ؛ _c25 سم |
||
| 504 | _aملاحق ص.193 مراجع ص.265 | ||
| 520 | _aأهداف منظمة التجارة العالمية و مبادئها و العضوية في منظمة التجارة العالمية و اختصاصات منظمة التجارة العالمية و نطاق عملها مع تناول البناء التنظيمي لمنظمة التجارة العامية و ميزانية هذه المنظمة و الشخصية القانونية لها و أحكام إصدار القرارات فيها و الرور الرقابي لها و اخيرا حدود إختصاص منظمة التجارة العالمية. | ||
| 653 | _aالتجارة الخارجية | ||
| 653 | _aالمنظمات الدولية | ||
| 653 | _aمنظمة التجارة العالمية | ||
| 942 | _cكتاب | ||
| 999 |
_c42143 _d42143 |
||